000 00239 a2200109 4500
003 Nust
005 20170207154223.0
040 _cNust
082 _a371.33
245 _aYoung Arcoulus (VHS-125)
440 _aYoung Arcoulus (VHS-125)
538 _aDuration in Minutes-142
999 _c195413
_d195413